Memoria leida en la Sociedad Los Escolares Médicos en la sesión científica celebrada el día 23 de abril de 1875 / (Record no. 172452)

MARC details
000 -LEADER
campo de control de longitud fija 00966nam a22002055i 4500
001 - NÚMERO DE CONTROL
campo de control 172452
003 - IDENTIFICADOR DE NÚMERO DE CONTROL
campo de control ES-MaACL
005 - FECHA Y HORA DE LA ÚLTIMA TRANSACCIÓN
campo de control 20250808063547.0
008 - DATOS DE LONGITUD FIJA--INFORMACIÓN GENERAL
campo de control de longitud fija 090707s1875 sp |||| | spa d
100 1# - ENTRADA PRINCIPAL--NOMBRE DE PERSONA
Nombre de persona López García, Leopoldo,
Fechas asociadas al nombre 1854-1932
9 (RLIN) 129206
245 10 - MENCIÓN DEL TÍTULO
Título Memoria leida en la Sociedad Los Escolares Médicos en la sesión científica celebrada el día 23 de abril de 1875 /
Mención de responsabilidad, etc. por el socio fundador Leopoldo López García.
260 ## - PUBLICACIÓN, DISTRIBUCIÓN, ETC.
Lugar de publicación, distribución, etc. Madrid :
Nombre del editor, distribuidor, etc. [s.n.],
Fecha de publicación, distribución, etc. 1875 (
Fabricante Imp. de C. Moliner y Cía.)
300 ## - DESCRIPCIÓN FÍSICA
Extensión 64 p. ;
Dimensiones 22 cm.
505 8# - NOTA DE CONTENIDO CON FORMATO
Nota de contenido con formato Tema: Muerte real y muerte aparente, medios para distinguirlas
650 #7 - PUNTO DE ACCESO ADICIONAL DE MATERIA--TÉRMINO DE MATERIA
Término de materia o nombre geográfico como elemento de entrada Muerte (Biología)
Fuente del encabezamiento o término embne
9 (RLIN) 136554
710 2# - ENTRADA AGREGADA--NOMBRE DE ENTIDAD CORPORATIVA
Nombre de entidad corporativa o nombre de jurisdicción como elemento de entrada Sociedad "Los Escolares Médicos"
9 (RLIN) 134865
852 ## - LOCALIZACIÓN
Ubicación ES-MaACL
Número de control de estantería T-351-F-22
Nota libre .- Sello de "Los Escolares Médicos"
852 ## - LOCALIZACIÓN
Ubicación ES-MaACL
Número de control de estantería T-844-F-1
Nota libre .- Enc. en un vol. facticio conservando la enc. original
-- .- Sello de "Los escolares médicos"
Holdings
Estatus retirado Estado de pérdida Estado de daño No para préstamo Colección Biblioteca de origen Biblioteca actual Ubicación en estantería Fecha de adquisición Fuente de adquisición Total de préstamos Signatura topográfica completa Código de barras Visto por última vez Precio de reemplazo Tipo de ítem Koha
        Colección de folletos Biblioteca del Ateneo de Madrid Biblioteca del Ateneo de Madrid Depósito folletos 07/07/2009     T-351-F-22 1180978 23/02/2023 23/02/2023 Folleto
        Colección de folletos Biblioteca del Ateneo de Madrid Biblioteca del Ateneo de Madrid Depósito folletos 17/06/2015     T-844-F-1 1193895 23/02/2023 23/02/2023 Folleto